000 01199nam0a22002531i 4500
001 rc\4308330
005 20240724130902.0
021 _aRU
_b[59-354]
035 _a(NLR Aleph) 008506611
090 _a8142709
_c8142709
100 _a20130416d1958 |||y0rusy50 ca
101 0 _arus
102 _aRU
105 _ay d |||||
200 1 _aВлияние внутреннего применения радиоактивной воды Заварзинского источника на секреторную функцию желудка
_e(Эксперим.-клинич. работа)
_eАвтореферат дис. на соискание учен. степени кандидата мед. наук
_fМ-во здравоохранения РСФСР. Томский гос. мед. ин-т
210 _aТомск
_d1958
215 _a10 с.
_d20
606 _aМинеральные воды
_xРадиоактивные
_xДействие
_2psbo
606 _aЖелудочная секреция
_xДействие минеральных вод
_2psbo
700 1 _aВиленчик
_bС.В.
801 0 _aRU
_bNLR
_gpsbo
801 1 _aRU
_bELAR
_2rusmarc
852 _aNLR
_j59-4/2387
942 _cBOOK